Cuadernos de bioťica

Detalles Bibliográficos
Formato: Desconocido
Lenguaje:español
Publicado: [S.l.] : Asociacin̤ Espaǫla de Bioťica y Ética Mďica
Materias:
Acceso en línea:Acceso restringido

MARC

LEADER 00000ny a22000003n 4500
005 20110513113438.0
007 cr||||||||||||
008 060623c20019999sp |||||s ||| 0 ||spa|c
022 |a 1132-1989 
035 |a 4914 
040 |a BUS  |d vLex 
090 |c 1858  |d 1858 
245 0 0 |a Cuadernos de bioťica  |h [Recurso electrn̤ico] 
256 |a Servicio en ln̕ea 
260 |a [S.l.] :   |b Asociacin̤ Espaǫla de Bioťica y Ética Mďica 
310 |a Trimestral 
506 1 |a Contenido solo disponible en los productos indicados  |d vLex Global  |d vLex Global (Academic Edition, excluding Law Schools)  |d vLex Global (U.S. Academic Edition, Law Schools)  |d vLex Global (U.S. Academic Edition, excluding Law Schools)  |d vLex Global (Academic Edition, Law Schools) 
650 0 7 |a Bioťica  |2 Tesauro vLex 
740 0 |a vLex Revista (Servicios en ln̕ea) 
843 |a Electrn̤ica. Abierta 
853 |8 1  |i (year)  |j (month)  |k (day) 
856 4 0 |u http://vlex.com/source/4914  |z Acceso restringido 
942 |c REV